Pohádky před usnutím /
Šest příběhů o dobráckém medvídkovi a jeho kamarádech pomáhají dětem nejen ke zklidnění před usnutím, ale také k osvojování si dobrých vlastností.
Uloženo v:
| Další autoři: | |
|---|---|
| Médium: | E-kniha |
| Jazyk: | Czech |
| Vydáno: |
V Praze :
Egmont,
2021
|
| Vydání: | První vydání |
| Edice: | Disney (Egmont). Medvídek Pú
|
| Témata: | |
| Příbuzné jednotky: | Přeloženo z:
Winnie the Pooh |
| Tagy: |
Žádné tagy |
| LEADER | 02172nam a2200517 i 4500 | ||
|---|---|---|---|
| 001 | 311391 | ||
| 003 | CZ PrSKC | ||
| 005 | 20260601215704.0 | ||
| 007 | ta | ||
| 008 | 210906s2021 xr a a 000 j cze | ||
| 015 | |a cnb003350493 | ||
| 020 | |a 9788025249826 |q (vázáno) : |c Kč 249,00 | ||
| 035 | |a (OCoLC)1260123780 | ||
| 040 | |a ABG001 |b cze |e rda | ||
| 041 | 1 | |a cze |h eng | |
| 072 | 7 | |a 821-93 |x Literatura pro děti a mládež (beletrie) |2 Konspekt | |
| 080 | |a 821-32 |2 MRF | ||
| 080 | |a 821-93 |2 MRF | ||
| 080 | |a (0:82-32) |2 MRF | ||
| 130 | 0 | |a My first bedtime story. |l Česky | |
| 245 | 1 | 0 | |a Pohádky před usnutím / |c překlad Petra Vichrová |
| 250 | |a První vydání | ||
| 264 | 1 | |a V Praze : |b Egmont, |c 2021 | |
| 300 | |a 72 stran : |b barevné ilustrace ; |c 23 cm | ||
| 336 | |a text |b txt |2 rdacontent | ||
| 336 | |a statický obraz |b sti |2 rdacontent | ||
| 337 | |a bez média |b n |2 rdamedia | ||
| 338 | |a svazek |b nc |2 rdacarrier | ||
| 490 | 1 | |a Disney. Medvídek Pú | |
| 500 | |a Přeloženo z angličtiny | ||
| 505 | 0 | 0 | |t Nebuď blázínek -- |t Ijáčkův krásný den -- |t Zeleninová zahrada -- |t Hra na laskavost -- |t Nejlepší kamarádi -- |t Kdo je dobrý kamarád? |
| 520 | 2 | |a Šest příběhů o dobráckém medvídkovi a jeho kamarádech pomáhají dětem nejen ke zklidnění před usnutím, ale také k osvojování si dobrých vlastností. | |
| 521 | 8 | |a Pro děti od 4 let | |
| 655 | 7 | |a příběhy |7 fd133204 |2 czenas | |
| 655 | 7 | |a publikace pro děti |7 fd133156 |2 czenas | |
| 655 | 9 | |a stories |2 eczenas | |
| 655 | 9 | |a children's literature |2 eczenas | |
| 700 | 1 | |a Vichrová, Petra |7 ola20181002403 |4 trl | |
| 765 | 0 | |t Winnie the Pooh | |
| 830 | 0 | |a Disney (Egmont). |p Medvídek Pú | |
| 900 | |a ABA001 |b 20 | ||
| 928 | 9 | |a Albatros Media - Egmont | |
| 044 | |a xr | ||
| 910 | |a RBIT002 | ||
| 998 | |d 334285 |a https://core.palmknihy.cz/api/books/334285/cover?seom0n |b https://core.palmknihy.cz/api/books/334285/cover/400?seom0n |c https://core.palmknihy.cz/api/books/334285/cover/50?seom0n |e 2026-12-31 |g 72 |i 9788025249826 |k https://core.palmknihy.cz/api/books/334285/preview.pdf |l |q 49 |r 1 |s https://www.palmknihy.cz/kniha/334285 |t ebook |y 2021 |z 0 | ||
| 999 | |d 311389 | ||